Trestnoprávna zodpovednosť za preukázané daňové úniky

Bibliographic Details
Main Author: Burák, Emil, 1963- (Author)
Format: Article
Language:Slovak
ISSN:1335-0684
Subjects:

MARC

LEADER 00000nab a2200000 a 4500
001 vtls000697989
003 SK-MaSNL
005 20260303185126.0
008 180205c1999 xo 0 slo
015 |a SNBRB1999/06-18286 
035 |a CLN000050156 
040 |a SNKBUCL  |b slo  |c SNKBUCL  |e AACR2 
041 0 |a slo 
044 |a xo  |c SK 
080 |a 336.2.04.015  |2 UDC-MRF-SK2 
100 1 |a Burák, Emil,  |d 1963-  |4 aut  |9 231617 
245 1 0 |a Trestnoprávna zodpovednosť za preukázané daňové úniky  |c Emil Burák 
650 0 7 |a daňové úniky  |x sankcie  |2 snkbucl  |9 16976 
655 7 |a články z novín a časopisov  |2 snkbucl  |9 267496 
773 0 |x 1335-0684  |t Trend  |g Roč. 9, č. 31 (1999), s. 12A 
850 |a Slovenská národná knižnica v Martine 
852 |a SNK  |b KIS3GCP 
958 |a RBX 
999 |c 2130021  |d 2131951